01233naa#a2200205#i#4500001002300000005001700023011001400040100004100054102000700095200036700102210016900469215001000638608004500648675010400693700005400797700005000851700006000901700005200961856001401013RU\INFRA-M\bibl\11388120260605095309.5##a2712-9640##a20260325b2026####ek#y0rusy0150####ca##aRU1#aПолуэмпирический приближенный метод исследования некоторых вопросов аэрономии области D ионосферы. III: Детальный анализ фотохимии среды в условиях повышенного уровня ионизацииeЖурнальная статья1#aМоскваcОбщество с ограниченной ответственностью «Научно-издательский центр ИНФРА-М»d2026##a7 с.##aЖурнальная статья2local##aФизические свойства. Состав и строение атмосферы. 551.510#1aКозловgСтанислав Иванович#1aЛяховgАндрей Николаевич#1aНиколайшвилиgСергей Шотаевич#1aЯкимgВалентин Васильевич4#azh-szf.ru